000 00543nam a22001817a 4500
005 20240920155553.0
008 240919b |||||||| |||| 00| 0 eng d
020 _a978-93-5480-388-8
041 _aeng
082 _a615.1
100 _aSRINIVASAN, DR. R & SINGH, DR. AJAY PAL AND TILEKAR, PROF DEVIKA K.
_98561
245 _aBIOCHEMISTRY AND CLINICAL PATHOLOGY [D.PHARMA, 2ND YEAR]
250 _a1ST RE-PRINT ED. 2024
260 _aLUCKNOW
_bTHAKUR PUBLICATION PVT LTD
300 _a295;P
650 _aPHARMACY
_xD.PHARMA
942 _cBK
999 _c8690
_d8688